00437nam a2200181Ia 4500003000400000008004100004040001600045082001300061100001900074245002900093700002100122260003400143300001000177650001500187650001200202650001900214650002200233GCL140319s9999 xx 000 0 eng d aGCL / cGCL04a843bO R1 aOUT-EL-KOULAUB10aRAMZA / cOUT-EL-KOULAUB1 aGUILLEMIN, HENRI a[S.N] : bGALLIMARD ، c1958 a247 P04aLITERATURE04aFICTION04aFRENCH FICTION04aFRENCH LITERATURE